000 00411nam a2200169Ia 4500
008 221030s9999 xx 000 0 und d
020 _a8131708454
041 _aEnglish
082 _a105.23
100 _aW. D. Stanley
245 0 _aOperational Amplifiers with Linear Integrated Circuits
250 _a4th
260 _bPearson Edcuation
_aNew Delhi
_c2007
300 _a674
650 _aECE
942 _cBK
999 _c5778
_d5778